Aj jednobodový vrabec má svoju cenu v kvalifikačnom zápase ME hráčov do 21 rokov: Portugalsko-Slovensko (1:1)

Bibliographic Details
Format: Article
Language:Slovak
Subjects:

MARC

LEADER 00000nab a2200000 a 4500
001 vtls000691078
003 SK-MaSNL
005 20260303043429.0
008 180206c1999 xo 0 slo
015 |a SNBRB1999/06-14465 
035 |a CLN000043245 
040 |a SNKBUCL  |b slo  |c SNKBUCL  |e AACR2 
041 0 |a slo 
044 |a xo  |c SK 
080 |a 796.332.093.1  |2 UDC-MRF-SK2 
245 0 0 |a Aj jednobodový vrabec má svoju cenu  |b v kvalifikačnom zápase ME hráčov do 21 rokov: Portugalsko-Slovensko (1:1) 
650 0 7 |a futbal  |x Slovensko-Portugalsko  |z Mafra (Portugalsko)  |y 1999  |2 snkbucl  |9 1030831 
655 7 |a články z novín a časopisov  |2 snkbucl  |9 267496 
773 0 |t Šport  |g Roč. 53, č. 129 (7.6.1999), s. 10 
850 |a Slovenská národná knižnica v Martine 
852 |a SNK  |b KIS3GCP 
958 |a RBX 
999 |c 1696813  |d 1698743